Atlas radiológico de anomalías pulmonares en el niño / (Record no. 144301)

MARC details
000 -LEADER
campo de control de longitud fija 00658nam a2200181 4500
001 - NÚMERO DE CONTROL
campo de control 144301
003 - IDENTIFICADOR DE NÚMERO DE CONTROL
campo de control ES-MaACL
005 - FECHA Y HORA DE LA ÚLTIMA TRANSACCIÓN
campo de control 20230906201004.0
007 - CAMPO FIJO DE DESCRIPCIÓN FÍSICA--INFORMACIÓN GENERAL
campo de control de longitud fija t|
008 - DATOS DE LONGITUD FIJA--INFORMACIÓN GENERAL
campo de control de longitud fija 070214s1972 sp r ||||1| spa d
100 1# - ENTRADA PRINCIPAL--NOMBRE DE PERSONA
Nombre de persona Singleton, Edward B.
9 (RLIN) 106640
245 10 - MENCIÓN DEL TÍTULO
Título Atlas radiológico de anomalías pulmonares en el niño /
Mención de responsabilidad, etc. Edward B. Singleton, Milton L. Wagner ; [versión... Félix de Vega Goicoechea].
260 ## - PUBLICACIÓN, DISTRIBUCIÓN, ETC.
Lugar de publicación, distribución, etc. Barcelona :
Nombre del editor, distribuidor, etc. Ed. Pediátrica,
Fecha de publicación, distribución, etc. 1972 (
Fabricante Saturno)
300 ## - DESCRIPCIÓN FÍSICA
Extensión VIII, 250 p., 26 lám. :
Otras características físicas il. ;
Dimensiones 27 cm.
700 1# - ENTRADA AGREGADA--NOMBRE PERSONAL
Nombre de persona Wagner, Milton L.
9 (RLIN) 115848
700 1# - ENTRADA AGREGADA--NOMBRE PERSONAL
Nombre de persona Vega Goicoechea, Félix de.
9 (RLIN) 113604
852 ## - LOCALIZACIÓN
Ubicación ES-MaACL
Número de control de estantería C-43002
Sublocalización o colección R.82397
Holdings
Estatus retirado Estado de pérdida Estado de daño No para préstamo Biblioteca de origen Biblioteca actual Ubicación en estantería Fecha de adquisición Fuente de adquisición Total de préstamos Signatura topográfica completa Código de barras Visto por última vez Precio de reemplazo Tipo de ítem Koha
        Biblioteca del Ateneo de Madrid Biblioteca del Ateneo de Madrid Depósito 2 17/01/2008     C-43002 1150133 23/02/2023 23/02/2023 Libro impreso